000 00347 a2200157 4500
001 58067
020 _a8501026123
040 _cAnchieta - Pituba
100 _aAndrade, Carlos Drummond de
240 1 0 _aAntologia poética
_lpor
245 1 0 _aAntologia poética
300 _a271
362 0 _a1998
650 4 _aPoesia brasileira
942 _cBK
999 _c58067
_d58067